Word Ladder: Beatles Hits Quiz Stats

 Plays Quiz Updated Sep 8, 2015

Challenge
Share
Tweet
Embed
Score 0/58 Timer 04:00
0 Plays Today
Clue Word % Correct
I Want to Hold Your ____HAND
95.1%
Ballad of ____ and YokoJOHN
94.6%
All You ____ Is LoveNEED
94%
We Can ____ It OutWORK
92.9%
Opposite of heavenHELL
91.8%
A ____ Day's NightHARD
91.4%
Harry Potter uses one !WAND
91.2%
I ____ FineFEEL
91%
____ Buy Me LoveCAN'T
90.7%
____ TogetherCOME
90.4%
Grains in an hourglassSAND
88.9%
____ Me DoLOVE
88.5%
Nickel or dimeCOIN
88.3%
'Stopper' in a bottleCORK
87.1%
Bring togetherJOIN
86.8%
What Jack and Jill didFELL
86.6%
A group of cattle HERD
85.9%
Eight ____ a WeekDAYS
85.7%
Bird of peaceDOVE
85.3%
To give food toFEED
85.2%
What a farmer sowsSEED
82.8%
Unit of languageWORD
81.5%
Tall cereal grassCORN
80.8%
Transmit or conveySEND
80.2%
Kept in the handHELD
80%
____ !HELP
79.8%
The ____ and Winding RoadLONG
78.7%
District of a city or townWARD
77.5%
Small sheltered bayCOVE
76.8%
Clue Word % Correct
Finished withDONE
76.2%
Hey ____JUDE
75%
Penny ____LANE
74.6%
Arrived atCAME
73.5%
Male parentsDADS
73%
Native of DenmarkDANE
72.4%
My Ding-A-____, Chuck Berry hitLING
72.3%
Rod used for flogging. CANE
71.6%
Ticket to ____RIDE
70%
Ballad of John and ____YOKO
68.9%
By oneselfLONE
68.8%
____ MadonnaLADY
67.9%
____ box (to play records on)JUKE
65.3%
A small wagonCART
64.9%
Something said to provoke laughterJOKE
64%
Boys or youthsLADS
63.4%
Discourteous or impoliteRUDE
63.3%
Produce melodious soundsSING
61.4%
A male deerHART
59.9%
Bodies of water BAYS
58.1%
Term used in trigonometrySINE
56.9%
Device for joining oxenYOKE
56.4%
Get ____BACK
54.3%
Surface joining top and bottomSIDE
49.7%
Put in cargoLADE
49.6%
Low in pitchBASS
44.2%
Thing that causes misery BANE
37.5%
Take great pleasure inBASK
35.4%
Steep natural inclineBANK
32.5%

Today's Daily Dose

You're not logged in!

Compare scores with friends on all Sporcle quizzes.
OR
Log In

You Might Also Like...

Show Comments

Extras

Top Quizzes Today


Score Distribution

Your Account Isn't Verified!

In order to create a playlist on Sporcle, you need to verify the email address you used during registration. Go to your Sporcle Settings to finish the process.

Report this User

Report this user for behavior that violates our Community Guidelines.

Details: